000 00905nam2a22002531 4500
001 RU\NLR\INFOCOMM19\ROSSICA\1000000749
005 20250613193746.0
035 _a(NLR Aleph) 009979352
090 _a9687166
_c9687166
100 _a20030918d1916 |||y0rusy50 ca
101 0 _apol
102 _aRU
105 _ay ||||000ay
200 1 _aRod Piastów
_eBolesław Chrobry
_eZ obrazkiem
210 _d1916
_aБ. м.
461 0 _1001RU\NLR\INFOCOMM19\ROSSICA\1000000746
_12001#$aOpowiadania o Polsce$fZofia Przewośka-Czarnocka$v5
_1700#1$aPrzewośka-Czarnocka$gZofia$bZ.$4070
_99687153
_aPrzewośka-Czarnocka, Z.
_cMoskwa
_d1916
_fZofia Przewośka-Czarnocka
_tOpowiadania o Polsce
_v5
600 0 _aBolesław
_cХрабрый
_dI
_f967-1025
_2PSBO
801 1 _aRU
_bInfoComm
_c20030918
801 0 _aRU
_bNLR
_gPSBO
852 _aNLR
_j30.3.10.288
942 _cBOOK
980 _aNB
980 _aRossica